| 000 | 01097cab a22002295a 4500 | ||
|---|---|---|---|
| 001 | L145647 | ||
| 008 | 081028e20081025xxka f g 000 0 eng d | ||
| 035 | _a(Sirsi) u145647 | ||
| 041 | 0 | _aeng | |
| 100 | 1 | _aHartley, Simon | |
| 245 | 0 | 2 | _aA quick-fix solution in volatile times |
| 260 | _c2008 | ||
| 490 |
_aEstates Gazette _v(0842) 25 October 2008, 162-163(2) |
||
| 520 | _aArticle on insolvency looks at the concept of pre-packs as a form of administration, whereby a purchaser for a business is found in advance of administration and takes over as soon as an administrator is appointed. These pre-packs allow for a debt-free sale of a business, but have been criticised as it can be hard for creditors to pursue reparations. Provides a table comparing pre-packs and traditional administration and looks at case studies. | ||
| 590 | _aKA | ||
| 650 | 2 | 4 | _aRE DKLL SOLICITORS V COMMISSIONERS OF REVENUE & CUSTOMS |
| 650 | 2 | 4 | _aRE TRANSBUS INTERNATIONAL LTD (IN LIQUIDATION) |
| 651 | 4 |
_aUnited Kingdom _y |
|
| 690 | _aMANAGEMENT-CORPORATE RECOVERY | ||
| 700 | 1 | _aShah, Devi | |
| 942 | _n0 | ||
| 999 |
_c80917 _d80917 |
||